000 00662cam a2200205 a 4500
001 000001692
005 20200929145650.0
008 750305s1973 onca 001 0 eng
020 _a0887701981
040 _aDO-SdBNP
_cDLC
_dDLC
082 _a759.11
_bK96ó
100 1 _aKurelek, William,
_d1927-
_95504
245 1 0 _aO Toronto :
_bpaintings and notes /
_cWilliam Kurelek ; introducción by James Bacque.
260 _aToronto, Ontaria, Canada :
_bNew Press,
_c1973.
300 _a43 p. :
_bil. ;
_c23 cm.
600 1 0 _aKurelek, William,
_d1927-
_95504
651 4 _aCanada
_xArte
_95505
700 1 _aBacque, James.
_95506
910 _aCatalogación por copia / LC
999 _c1573
_d1573